Racionálna organizácia pracovných procesov v skladoch OD PRIOR záverečná práca postgraduálneho štúdia

Salvato in:
Dettagli Bibliografici
Autore principale: Fister, Pavol
Ente Autore: Vysoká škola ekonomická v Bratislave
Altri autori: Čihovská, Viera
Natura: Libro
Lingua:slovacco
Pubblicazione: Bratislava 1987
Tags: Aggiungi Tag
Nessun Tag, puoi essere il primo ad aggiungerne!!

MARC

LEADER 00000nam a2200000 4500
001 c023181
005 20221219095059.7
041 0 |a slo 
044 |a SK 
245 1 0 |a Racionálna organizácia pracovných procesov v skladoch OD PRIOR  |b záverečná práca postgraduálneho štúdia  |c Pavol Fister ; vedúca práce Viera Čihovská 
264 1 |a Bratislava  |c 1987 
300 |a 46 s. 
100 1 |a Fister, Pavol 
700 1 |a Čihovská, Viera 
710 2 |a Vysoká škola ekonomická v Bratislave